00684cam a22001932 4500001001100000005001700011008004100028020001700069040001500086100004100101245011400142250001300256260003500269300001800304650005400322650006500376650004600441852000300487000001872920151217152133.0100610s xx 000 0 eng d a8175348318 : aKABUcKABU1 aSingh, Justice Yatindra.@000017807210aCyber laws :ba guide to cyber laws, information technology, computer software ... /cJustice Yatindra Singh. a4th ed. aDelhi :bUniversal law,c2007. axxxv, 430 p. 0aInternetxLaw and legislationzIndia.@0000178073 0aElectronic CommercexLaw and legislationzIndia.@0000178074 0aIntellectual propertyzIndia.@00001780751